[Event "Wroclaw"]
[Site "?"]
[Date "2020.08.27"]
[Round "8.4"]
[White "Baum, Jonasz"]
[Black "Czernek, Tymon"]
[Result "1/2-1/2"]
[BlackElo "2067"]
[WhiteElo "2187"]
[LiveChessVersion "1.4.8"]

1. Nf3 {[%clk 0:03:03]} Nf6 {[%clk 0:03:04]} 2. b3 {[%clk 0:03:04]} g6
{[%clk 0:03:04]} 3. Bb2 {[%clk 0:03:05]} Bg7 {[%clk 0:03:06]} 4. e3
{[%clk 0:03:06]} O-O {[%clk 0:03:06]} 5. c4 {[%clk 0:03:06]} d5 {[%clk 0:03:07]}
6. d4 {[%clk 0:02:25]} Bf5 {[%clk 0:02:57]} 7. cxd5 {[%clk 0:02:16]} Nxd5
{[%clk 0:02:51]} 8. Nbd2 {[%clk 0:01:39]} Nf6 {[%clk 0:02:13]} 9. Rc1
{[%clk 0:01:38]} Nc6 {[%clk 0:02:06]} 10. Bb5 {[%clk 0:01:17]} Nb4
{[%clk 0:01:58]} 11. Nb1 {[%clk 0:00:56]} Nxa2 {[%clk 0:01:35]} 12. Rc5
{[%clk 0:00:45]} Nb4 {[%clk 0:01:17]} 13. O-O {[%clk 0:00:30]} Ne4
{[%clk 0:01:07]} 14. Rc4 {[%clk 0:00:28]} Nd5 {[%clk 0:01:02]} 15. Rc1
{[%clk 0:00:29]} c6 {[%clk 0:00:57]} 16. Be2 {[%clk 0:00:23]} Rc8
{[%clk 0:00:55]} 17. Nbd2 {[%clk 0:00:23]} Ndf6 {[%clk 0:00:50]} 18. Nc4
{[%clk 0:00:23]} Nd5 {[%clk 0:00:34]} 19. Bd3 {[%clk 0:00:18]} Nef6
{[%clk 0:00:14]} 20. Bxf5 {[%clk 0:00:16]} gxf5 {[%clk 0:00:15]} 21. Ra1
{[%clk 0:00:16]} a6 22. Nce5 {[%clk 0:00:15]} Ne4 {[%clk 0:00:16]} 23. Nd3
{[%clk 0:00:06]} e6 {[%clk 0:00:16]} 24. Nfe5 {[%clk 0:00:05]} Qc7
{[%clk 0:00:15]} 25. Nc4 {[%clk 0:00:05]} Kh8 {[%clk 0:00:13]} 26. f3
{[%clk 0:00:07]} Nd6 {[%clk 0:00:13]} 27. Qe2 {[%clk 0:00:06]} Nb6
{[%clk 0:00:11]} 28. Nce5 {[%clk 0:00:07]} Nd7 {[%clk 0:00:10]} 29. Nc4
{[%clk 0:00:07]} Nb6 {[%clk 0:00:11]} 30. Rfc1 {[%clk 0:00:06]} Rg8
{[%clk 0:00:09]} 31. Kh1 {[%clk 0:00:07]} Nbxc4 {[%clk 0:00:08]} 32. bxc4
{[%clk 0:00:08]} b5 {[%clk 0:00:06]} 33. c5 {[%clk 0:00:05]} Nc4 {[%clk 0:00:06]}
34. Rxa6 {[%clk 0:00:06]} Nxb2 {[%clk 0:00:05]} 35. Qxb2 {[%clk 0:00:08]} Ra8
{[%clk 0:00:07]} 36. Rca1 {[%clk 0:00:08]} Qb7 {[%clk 0:00:08]} 37. R6a2
{[%clk 0:00:07]} Bh6 {[%clk 0:00:07]} 38. Qe2 {[%clk 0:00:07]} Bg7
{[%clk 0:00:07]} 39. Nb4 {[%clk 0:00:08]} Rxa2 {[%clk 0:00:06]} 40. Rxa2 Ra8
{[%clk 0:00:06]} 41. Qc2 {[%clk 0:00:05]} Bh6 {[%clk 0:00:07]} 42. Qb3
{[%clk 0:00:06]} Rxa2 {[%clk 0:00:07]} 43. Nxa2 {[%clk 0:00:06]} Qa7
{[%clk 0:00:07]} 44. h3 {[%clk 0:00:05]} Bxe3 {[%clk 0:00:08]} 45. Qxe3
{[%clk 0:00:05]} Qxa2 {[%clk 0:00:09]} 46. Qe5+ {[%clk 0:00:06]} Kg8
{[%clk 0:00:10]} 47. Qb8+ {[%clk 0:00:07]} Kg7 {[%clk 0:00:11]} 48. Qe5+
{[%clk 0:00:08]} Kg8 {[%clk 0:00:11]} 49. Qb8+ {[%clk 0:00:09]} Kg7
{[%clk 0:00:12]} 50. Qe5+ {[%clk 0:00:10]} Kg8 {[%clk 0:00:08]} 51. Qb8+
{[%clk 0:00:11]} Kg7 {[%clk 0:00:09]} 52. Qe5+ {[%clk 0:00:12]} Kg8
{[%clk 0:00:09]} 53. Qb8+ {[%clk 0:00:13]} Kg7 {[%clk 0:00:09]} 54. Qe5+
{[%clk 0:00:14]} Kg6 {[%clk 0:00:07]} 55. Qg3+ {[%clk 0:00:13]} Kf6
{[%clk 0:00:05]} 56. Qh4+ {[%clk 0:00:10]} Kg6 {[%clk 0:00:06]} 57. Qg3+
{[%clk 0:00:11]} Kf6 {[%clk 0:00:06]} 58. Qh4+ {[%clk 0:00:12]} Kg6
{[%clk 0:00:07]} 1/2-1/2

[Event "Wroclaw"]
[Site "?"]
[Date "2020.08.27"]
[Round "8.5"]
[White "Kitewski, Bartosz"]
[Black "Poltorak, Sebastian"]
[Result "0-1"]
[BlackElo "1841"]
[WhiteElo "1291"]
[LiveChessVersion "1.4.8"]

1. d4 {[%clk 0:03:03]} Nf6 {[%clk 0:03:05]} 2. c4 {[%clk 0:03:04]} g6
{[%clk 0:03:05]} 3. Nc3 {[%clk 0:03:06]} d5 {[%clk 0:03:07]} 4. Bg5
{[%clk 0:03:06]} Ne4 {[%clk 0:03:06]} 5. Nxe4 {[%clk 0:03:06]} dxe4
{[%clk 0:03:07]} 6. e3 {[%clk 0:03:07]} c6 {[%clk 0:02:56]} 7. Ne2
{[%clk 0:03:07]} Qa5+ {[%clk 0:02:56]} 8. Nc3 {[%clk 0:03:07]} Qxg5
{[%clk 0:02:57]} 9. Nxe4 {[%clk 0:03:07]} Qa5+ {[%clk 0:02:57]} 10. Nc3
{[%clk 0:03:08]} Bg7 {[%clk 0:02:56]} 11. Bd3 {[%clk 0:03:02]} O-O
{[%clk 0:02:57]} 12. O-O {[%clk 0:03:02]} Bf5 {[%clk 0:02:52]} 13. e4
{[%clk 0:03:01]} Bd7 {[%clk 0:02:51]} 14. Ne2 {[%clk 0:02:59]} Na6
{[%clk 0:02:49]} 15. a3 Qc7 {[%clk 0:02:44]} 16. f4 {[%clk 0:03:00]} c5
{[%clk 0:02:45]} 17. d5 {[%clk 0:02:57]} Bxb2 {[%clk 0:02:45]} 18. Rb1
{[%clk 0:02:58]} Bd4+ {[%clk 0:02:40]} 19. Nxd4 {[%clk 0:02:58]} cxd4
{[%clk 0:02:40]} 20. f5 {[%clk 0:02:55]} Nc5 {[%clk 0:02:36]} 21. Be2
{[%clk 0:02:48]} Qe5 {[%clk 0:02:34]} 22. fxg6 {[%clk 0:02:45]} fxg6
{[%clk 0:02:35]} 23. Qd2 {[%clk 0:02:29]} Qxe4 {[%clk 0:02:30]} 24. Bf3
{[%clk 0:02:29]} Qf4 {[%clk 0:02:24]} 25. Qb2 {[%clk 0:02:27]} Bg4
{[%clk 0:02:13]} 26. d6 {[%clk 0:02:23]} Qe3+ {[%clk 0:02:08]} 27. Kh1
{[%clk 0:02:22]} Bxf3 {[%clk 0:02:08]} 28. gxf3 {[%clk 0:02:03]} exd6
{[%clk 0:02:08]} 29. Rbe1 {[%clk 0:02:01]} Qf4 {[%clk 0:02:07]} 30. Qg2
{[%clk 0:01:50]} Rae8 {[%clk 0:02:06]} 31. Rd1 {[%clk 0:01:47]} d3
{[%clk 0:02:07]} 32. a4 {[%clk 0:01:42]} Rf5 {[%clk 0:01:55]} 0-1

[Event "Wroclaw"]
[Site "?"]
[Date "2020.08.27"]
[Round "8.6"]
[White "Oglaza, Oskar"]
[Black "Gorkiewicz, Mateusz"]
[Result "1-0"]
[BlackElo "1738"]
[WhiteElo "2183"]
[LiveChessVersion "1.4.8"]

1. b3 {[%clk 0:03:00]} d5 {[%clk 0:03:00]} 2. Bb2 {[%clk 0:03:00]} e6
{[%clk 0:03:00]} 3. Nf3 {[%clk 0:02:58]} Nf6 {[%clk 0:02:58]} 4. e3
{[%clk 0:02:50]} Be7 {[%clk 0:02:57]} 5. Be2 {[%clk 0:02:48]} O-O
{[%clk 0:02:56]} 6. O-O {[%clk 0:02:46]} b6 {[%clk 0:02:56]} 7. c4
{[%clk 0:02:44]} Bb7 {[%clk 0:02:55]} 8. Nc3 {[%clk 0:02:43]} Nbd7
{[%clk 0:02:54]} 9. d4 {[%clk 0:02:28]} c5 {[%clk 0:02:53]} 10. Rc1
{[%clk 0:02:10]} Rc8 {[%clk 0:02:53]} 11. cxd5 {[%clk 0:01:49]} Nxd5
{[%clk 0:02:52]} 12. Nxd5 {[%clk 0:01:43]} Bxd5 {[%clk 0:02:52]} 13. dxc5
{[%clk 0:01:35]} Nxc5 {[%clk 0:02:50]} 14. b4 {[%clk 0:00:57]} Ne4
{[%clk 0:02:46]} 15. Qa4 {[%clk 0:00:56]} Qd6 {[%clk 0:01:13]} 16. a3
{[%clk 0:00:51]} Qb8 {[%clk 0:01:12]} 17. Nd4 {[%clk 0:00:16]} Bf6
{[%clk 0:00:58]} 18. Rfd1 {[%clk 0:00:13]} Rfd8 {[%clk 0:00:53]} 19. f3
{[%clk 0:00:12]} Nd6 {[%clk 0:00:52]} 20. e4 {[%clk 0:00:12]} Bb7
{[%clk 0:00:49]} 21. Qb3 {[%clk 0:00:09]} a6 {[%clk 0:00:38]} 22. a4 Ne8
{[%clk 0:00:30]} 23. Qe3 {[%clk 0:00:07]} Be5 {[%clk 0:00:18]} 24. g3
{[%clk 0:00:07]} Rxc1 {[%clk 0:00:18]} 25. Rxc1 {[%clk 0:00:08]} Rc8
{[%clk 0:00:18]} 26. Rd1 {[%clk 0:00:08]} Nd6 {[%clk 0:00:18]} 27. Qb3
{[%clk 0:00:06]} Bf6 {[%clk 0:00:14]} 28. b5 {[%clk 0:00:04]} axb5
{[%clk 0:00:14]} 29. Nxb5 {[%clk 0:00:05]} Bxb2 {[%clk 0:00:13]} 30. Nxd6
{[%clk 0:00:06]} Rd8 {[%clk 0:00:13]} 31. Qxb6 {[%clk 0:00:06]} Ba8
{[%clk 0:00:09]} 32. Qxb8 {[%clk 0:00:06]} Rxb8 {[%clk 0:00:10]} 33. Nb5
{[%clk 0:00:07]} h6 {[%clk 0:00:10]} 34. Rd7 {[%clk 0:00:07]} Bf6
{[%clk 0:00:09]} 35. Rc7 {[%clk 0:00:07]} Rd8 {[%clk 0:00:10]} 36. Kf2
{[%clk 0:00:08]} Kh7 {[%clk 0:00:10]} 37. a5 {[%clk 0:00:09]} Rd2
{[%clk 0:00:10]} 38. a6 {[%clk 0:00:09]} Ra2 {[%clk 0:00:11]} 39. a7
{[%clk 0:00:09]} Kg6 {[%clk 0:00:11]} 40. Rc8 {[%clk 0:00:09]} Bb7
{[%clk 0:00:12]} 41. Rc7 {[%clk 0:00:10]} Ba8 {[%clk 0:00:13]} 42. Ke3
{[%clk 0:00:08]} Bd8 {[%clk 0:00:14]} 43. Rc8 {[%clk 0:00:05]} Bb6+
{[%clk 0:00:13]} 44. Kd3 {[%clk 0:00:06]} Bb7 {[%clk 0:00:10]} 45. Rb8
{[%clk 0:00:07]} Bc6 {[%clk 0:00:03]} 46. Rxb6 {[%clk 0:00:09]} Bxb5+
{[%clk 0:00:04]} 47. Rxb5 {[%clk 0:00:13]} 1-0

[Event "Wroclaw"]
[Site "?"]
[Date "2020.08.27"]
[Round "8.7"]
[White "Kaliszuk, Kamil"]
[Black "Kacprzak, Kacper"]
[Result "1/2-1/2"]
[BlackElo "2035"]
[WhiteElo "1789"]
[LiveChessVersion "1.4.8"]

1. e4 {[%clk 0:03:03]} e6 {[%clk 0:03:04]} 2. d4 {[%clk 0:03:03]} d5
{[%clk 0:03:05]} 3. Nd2 {[%clk 0:03:04]} Nf6 {[%clk 0:03:07]} 4. e5
{[%clk 0:03:05]} Nfd7 {[%clk 0:03:08]} 5. Bd3 c5 6. c3 {[%clk 0:03:07]} Nc6
{[%clk 0:03:12]} 7. Ne2 {[%clk 0:03:08]} cxd4 {[%clk 0:03:10]} 8. cxd4
{[%clk 0:03:09]} f6 {[%clk 0:03:11]} 9. exf6 {[%clk 0:03:10]} Qxf6
{[%clk 0:03:13]} 10. Nf3 {[%clk 0:02:59]} h6 {[%clk 0:03:14]} 11. O-O
{[%clk 0:02:56]} Bd6 {[%clk 0:03:14]} 12. Re1 {[%clk 0:02:14]} O-O
{[%clk 0:03:15]} 13. Ng3 {[%clk 0:01:57]} Rd8 {[%clk 0:03:16]} 14. Bc2
{[%clk 0:01:42]} Nf8 {[%clk 0:03:17]} 15. Ne5 {[%clk 0:01:33]} Bxe5
{[%clk 0:02:25]} 16. dxe5 {[%clk 0:01:34]} Qe7 {[%clk 0:02:23]} 17. Qg4
{[%clk 0:01:24]} Bd7 {[%clk 0:02:23]} 18. Bxh6 {[%clk 0:01:08]} Be8
{[%clk 0:02:14]} 19. Bg5 {[%clk 0:01:09]} Qf7 {[%clk 0:02:11]} 20. Bxd8
{[%clk 0:01:09]} Rxd8 {[%clk 0:02:11]} 21. Rad1 {[%clk 0:00:59]} Ng6
{[%clk 0:02:09]} 22. Bxg6 {[%clk 0:00:55]} Qxg6 {[%clk 0:02:11]} 23. Qxg6
{[%clk 0:00:50]} Bxg6 {[%clk 0:02:12]} 24. Ne2 {[%clk 0:00:38]} d4
{[%clk 0:02:14]} 25. Nf4 {[%clk 0:00:34]} Bf5 {[%clk 0:02:13]} 26. Nd3
{[%clk 0:00:34]} Rd5 {[%clk 0:02:05]} 27. f4 {[%clk 0:00:29]} Rb5
{[%clk 0:01:57]} 28. b3 {[%clk 0:00:30]} a5 {[%clk 0:01:58]} 29. Kf2
{[%clk 0:00:29]} a4 {[%clk 0:01:54]} 30. bxa4 {[%clk 0:00:28]} Ra5
{[%clk 0:01:55]} 31. Re2 {[%clk 0:00:26]} Rxa4 {[%clk 0:01:56]} 32. Rb2
{[%clk 0:00:24]} Ra3 {[%clk 0:01:43]} 33. Nc5 {[%clk 0:00:18]} d3
{[%clk 0:01:38]} 34. Nxb7 {[%clk 0:00:18]} g5 {[%clk 0:01:25]} 35. g3
{[%clk 0:00:17]} gxf4 {[%clk 0:01:06]} 36. gxf4 {[%clk 0:00:19]} Ra4
{[%clk 0:01:08]} 37. Kg3 {[%clk 0:00:14]} Nd4 {[%clk 0:01:03]} 38. Nd6
{[%clk 0:00:16]} Ne2+ {[%clk 0:01:01]} 39. Kh4 {[%clk 0:00:13]} Rxf4+
{[%clk 0:00:55]} 40. Kg5 {[%clk 0:00:15]} Rg4+ {[%clk 0:00:56]} 41. Kf6
{[%clk 0:00:16]} Rg6+ {[%clk 0:00:57]} 42. Ke7 {[%clk 0:00:17]} Rg7+
{[%clk 0:00:57]} 43. Kd8 {[%clk 0:00:19]} Bh7 {[%clk 0:00:54]} 44. Rb8
{[%clk 0:00:19]} Nd4 {[%clk 0:00:46]} 45. Rc8 {[%clk 0:00:14]} Nf3
{[%clk 0:00:38]} 46. Ne8 {[%clk 0:00:15]} Ra7 {[%clk 0:00:36]} 47. Nf6+
{[%clk 0:00:16]} Kg7 {[%clk 0:00:34]} 48. Nxh7 {[%clk 0:00:17]} Kxh7
{[%clk 0:00:35]} 49. Rxd3 {[%clk 0:00:18]} Nxe5 {[%clk 0:00:35]} 50. Rh3+
{[%clk 0:00:17]} Kg6 {[%clk 0:00:36]} 51. Rc7 {[%clk 0:00:16]} Rxa2 52. Ke7
{[%clk 0:00:17]} Ng4 {[%clk 0:00:33]} 53. Rg3 {[%clk 0:00:15]} Kf5
{[%clk 0:00:29]} 54. h3 {[%clk 0:00:15]} Nf2 {[%clk 0:00:23]} 55. Rf3+
{[%clk 0:00:15]} Ke4 {[%clk 0:00:22]} 56. Rf6 {[%clk 0:00:15]} e5
{[%clk 0:00:23]} 57. Rc4+ {[%clk 0:00:16]} Kd5 {[%clk 0:00:24]} 58. Rb4
{[%clk 0:00:15]} Ne4 {[%clk 0:00:25]} 59. Rh6 {[%clk 0:00:16]} Nc5
{[%clk 0:00:26]} 60. Rh5 {[%clk 0:00:16]} Ra7+ {[%clk 0:00:26]} 61. Kf6
{[%clk 0:00:17]} Ne4+ 62. Kg6 {[%clk 0:00:16]} Ra6+ {[%clk 0:00:28]} 63. Kg7
{[%clk 0:00:17]} Ra7+ {[%clk 0:00:29]} 64. Kf8 {[%clk 0:00:18]} Ra8+
{[%clk 0:00:29]} 65. Ke7 {[%clk 0:00:19]} Ra7+ {[%clk 0:00:30]} 66. Kd8
{[%clk 0:00:20]} Nd6 {[%clk 0:00:29]} 67. Rh6 {[%clk 0:00:18]} Kc6
{[%clk 0:00:28]} 68. Rc4+ {[%clk 0:00:19]} Kd5 {[%clk 0:00:28]} 69. Rc7
{[%clk 0:00:18]} Ra8+ {[%clk 0:00:30]} 70. Kd7 {[%clk 0:00:19]} Nf5
{[%clk 0:00:29]} 71. Rh5 {[%clk 0:00:19]} Nd4 {[%clk 0:00:29]} 72. Rb7
{[%clk 0:00:17]} Rg8 {[%clk 0:00:28]} 73. Kc7 {[%clk 0:00:17]} Rg7+
{[%clk 0:00:27]} 74. Kb6 {[%clk 0:00:18]} Rg6+ {[%clk 0:00:29]} 75. Ka5
{[%clk 0:00:17]} Rg3 {[%clk 0:00:27]} 76. Kb6 {[%clk 0:00:13]} Rb3+
{[%clk 0:00:23]} 77. Kc7 {[%clk 0:00:13]} Rc3+ {[%clk 0:00:23]} 78. Kb6
{[%clk 0:00:13]} Rb3+ {[%clk 0:00:23]} 79. Kc7 {[%clk 0:00:15]} Rc3+
{[%clk 0:00:24]} 80. Kd7 {[%clk 0:00:16]} Rg3 {[%clk 0:00:22]} 81. Kc7
{[%clk 0:00:17]} Rc3+ {[%clk 0:00:23]} 82. Kb6 {[%clk 0:00:12]} Rb3+
{[%clk 0:00:24]} 83. Kc7 {[%clk 0:00:09]} Rc3+ {[%clk 0:00:25]} 84. Kd8 1/2-1/2

[Event "Wroclaw"]
[Site "?"]
[Date "2020.08.27"]
[Round "8.8"]
[White "Suder, Jakub"]
[Black "Lichorad, Mateusz"]
[Result "1/2-1/2"]
[BlackElo "1656"]
[WhiteElo "2031"]
[LiveChessVersion "1.4.8"]

1. d4 {[%clk 0:03:04]} Nf6 {[%clk 0:03:02]} 2. Bf4 {[%clk 0:03:04]} e6
{[%clk 0:03:02]} 3. e3 {[%clk 0:03:05]} d5 {[%clk 0:03:01]} 4. Nd2
{[%clk 0:03:03]} Bd6 {[%clk 0:03:01]} 5. Bg3 {[%clk 0:03:03]} O-O
{[%clk 0:02:57]} 6. Ngf3 {[%clk 0:03:03]} c5 {[%clk 0:02:48]} 7. c3
{[%clk 0:03:04]} Nc6 {[%clk 0:02:42]} 8. Bd3 {[%clk 0:03:04]} Re8
{[%clk 0:02:20]} 9. Ne5 {[%clk 0:03:02]} Qc7 {[%clk 0:02:03]} 10. f4
{[%clk 0:02:58]} g6 {[%clk 0:01:39]} 11. O-O {[%clk 0:02:45]} Nh5
{[%clk 0:01:22]} 12. Bh4 {[%clk 0:02:37]} Be7 {[%clk 0:01:13]} 13. Qe1
{[%clk 0:02:22]} Bxh4 {[%clk 0:01:12]} 14. Qxh4 {[%clk 0:02:22]} Qe7
{[%clk 0:01:10]} 15. Qf2 {[%clk 0:02:06]} Ng7 {[%clk 0:01:08]} 16. Rae1
{[%clk 0:01:46]} c4 {[%clk 0:01:02]} 17. Bc2 {[%clk 0:01:41]} f6 {[%clk 0:00:54]}
18. Nef3 {[%clk 0:01:33]} f5 {[%clk 0:00:46]} 19. Ne5 {[%clk 0:01:24]} Nxe5
{[%clk 0:00:46]} 20. dxe5 {[%clk 0:01:18]} b5 {[%clk 0:00:44]} 21. Nf3
{[%clk 0:01:14]} Bd7 {[%clk 0:00:45]} 22. a3 {[%clk 0:01:12]} a5 {[%clk 0:00:46]}
23. Nd4 {[%clk 0:01:10]} Reb8 {[%clk 0:00:44]} 24. Qd2 {[%clk 0:01:04]} b4
{[%clk 0:00:41]} 25. axb4 {[%clk 0:01:00]} axb4 {[%clk 0:00:41]} 26. Ra1
{[%clk 0:01:01]} b3 {[%clk 0:00:41]} 27. Rxa8 {[%clk 0:01:02]} Rxa8
{[%clk 0:00:42]} 28. Bd1 {[%clk 0:01:01]} Ra2 {[%clk 0:00:37]} 29. Bf3
{[%clk 0:00:52]} Ne8 {[%clk 0:00:35]} 30. Rb1 {[%clk 0:00:48]} Qd8
{[%clk 0:00:34]} 31. Qd1 {[%clk 0:00:46]} Qa8 {[%clk 0:00:33]} 32. g4
{[%clk 0:00:46]} Nc7 {[%clk 0:00:32]} 33. gxf5 {[%clk 0:00:37]} exf5
{[%clk 0:00:33]} 34. Ne2 {[%clk 0:00:30]} Bc6 {[%clk 0:00:28]} 35. Nd4
{[%clk 0:00:31]} Kg7 {[%clk 0:00:22]} 36. Kf2 {[%clk 0:00:32]} Qa6
{[%clk 0:00:19]} 37. Kg1 {[%clk 0:00:25]} Bb7 {[%clk 0:00:18]} 38. Ne2
{[%clk 0:00:23]} Qc6 {[%clk 0:00:16]} 39. Qd4 {[%clk 0:00:23]} Ne6
{[%clk 0:00:16]} 40. Qd2 {[%clk 0:00:23]} Nc5 {[%clk 0:00:17]} 41. Nd4
{[%clk 0:00:24]} Qd7 {[%clk 0:00:17]} 42. Kh1 {[%clk 0:00:16]} Nd3
{[%clk 0:00:18]} 43. Be2 {[%clk 0:00:16]} Nc5 {[%clk 0:00:19]} 44. Bf3
{[%clk 0:00:10]} Nd3 {[%clk 0:00:20]} 45. Be2 {[%clk 0:00:11]} Nc5
{[%clk 0:00:21]} 46. Bf3 {[%clk 0:00:07]} Nd3 {[%clk 0:00:23]} 1/2-1/2

[Event "Wroclaw"]
[Site "?"]
[Date "2020.08.27"]
[Round "8.9"]
[White "Gradalski, Olaf"]
[Black "Grzesik, Gracjan"]
[Result "0-1"]
[BlackElo "1927"]
[WhiteElo "1425"]
[LiveChessVersion "1.4.8"]

1. e4 {[%clk 0:03:03]} c5 {[%clk 0:03:03]} 2. c3 {[%clk 0:03:04]} d5
{[%clk 0:02:57]} 3. exd5 {[%clk 0:03:04]} Qxd5 {[%clk 0:02:57]} 4. d4
{[%clk 0:03:04]} Nc6 {[%clk 0:02:57]} 5. Nf3 {[%clk 0:03:04]} Bg4
{[%clk 0:02:57]} 6. Be2 {[%clk 0:03:05]} e6 {[%clk 0:02:55]} 7. h3
{[%clk 0:03:03]} Bh5 {[%clk 0:02:55]} 8. O-O {[%clk 0:02:58]} Nf6
{[%clk 0:02:56]} 9. Na3 {[%clk 0:02:48]} cxd4 {[%clk 0:01:51]} 10. Nb5
{[%clk 0:02:49]} Rc8 {[%clk 0:01:51]} 11. Nbxd4 {[%clk 0:02:47]} Nxd4
{[%clk 0:01:17]} 12. Nxd4 {[%clk 0:02:44]} Bxe2 {[%clk 0:01:17]} 13. Qxe2
{[%clk 0:02:44]} Be7 {[%clk 0:00:53]} 14. Be3 {[%clk 0:02:44]} O-O
{[%clk 0:00:50]} 15. Rfd1 {[%clk 0:02:45]} Qe4 {[%clk 0:00:42]} 16. Qf3
{[%clk 0:02:14]} Qxf3 {[%clk 0:00:29]} 17. Nxf3 {[%clk 0:02:15]} a6
{[%clk 0:00:22]} 18. Rd2 {[%clk 0:02:14]} Nd5 {[%clk 0:00:22]} 19. Bd4
{[%clk 0:02:01]} Rfd8 {[%clk 0:00:20]} 20. Rad1 {[%clk 0:02:00]} f6
{[%clk 0:00:16]} 21. g3 {[%clk 0:01:53]} Kf7 {[%clk 0:00:16]} 22. Kg2
{[%clk 0:01:49]} h6 {[%clk 0:00:10]} 23. h4 {[%clk 0:01:37]} b5 {[%clk 0:00:11]}
24. a3 {[%clk 0:01:31]} Rc7 {[%clk 0:00:08]} 25. Nh2 {[%clk 0:00:52]} Rcd7
{[%clk 0:00:05]} 26. f3 {[%clk 0:00:30]} e5 {[%clk 0:00:06]} 27. Bf2
{[%clk 0:00:28]} Nf4+ {[%clk 0:00:07]} 28. gxf4 {[%clk 0:00:28]} Rxd2
{[%clk 0:00:09]} 29. Rxd2 {[%clk 0:00:29]} Rxd2 {[%clk 0:00:10]} 30. fxe5
{[%clk 0:00:30]} Rxb2 31. exf6 {[%clk 0:00:30]} Bxf6 {[%clk 0:00:10]} 32. Ng4
{[%clk 0:00:25]} Bxc3 {[%clk 0:00:11]} 33. h5 {[%clk 0:00:26]} Ra2
{[%clk 0:00:10]} 0-1

[Event "Wroclaw"]
[Site "?"]
[Date "2020.08.27"]
[Round "9.1"]
[White "Skurniak, Szymon"]
[Black "Koziorowicz, Michal"]
[Result "1/2-1/2"]
[BlackElo "2061"]
[WhiteElo "1963"]
[LiveChessVersion "1.4.8"]

1. e4 {[%clk 0:03:03]} c5 {[%clk 0:03:03]} 2. b3 {[%clk 0:03:05]} g6
{[%clk 0:02:59]} 3. Bb2 {[%clk 0:03:06]} Nf6 {[%clk 0:03:00]} 4. e5
{[%clk 0:03:07]} Nd5 {[%clk 0:03:02]} 5. g3 {[%clk 0:03:08]} Bg7 {[%clk 0:02:57]}
6. Bg2 {[%clk 0:03:10]} e6 {[%clk 0:02:58]} 7. f4 {[%clk 0:03:07]} Nc6
{[%clk 0:02:57]} 8. Nf3 {[%clk 0:02:58]} O-O {[%clk 0:02:57]} 9. O-O
{[%clk 0:02:57]} d6 {[%clk 0:02:49]} 10. Na3 {[%clk 0:02:38]} dxe5
{[%clk 0:02:35]} 1/2-1/2

[Event "Wroclaw"]
[Site "?"]
[Date "2020.08.27"]
[Round "9.2"]
[White "Kacprzak, Karol"]
[Black "Poltorak, Sebastian"]
[Result "1/2-1/2"]
[BlackElo "1841"]
[WhiteElo "2012"]
[LiveChessVersion "1.4.8"]

1. d4 {[%clk 0:03:03]} Nf6 {[%clk 0:03:03]} 2. Nf3 {[%clk 0:03:04]} g6
{[%clk 0:03:01]} 3. c4 {[%clk 0:03:05]} Bg7 {[%clk 0:03:01]} 4. Nc3
{[%clk 0:03:06]} d5 {[%clk 0:03:02]} 5. cxd5 {[%clk 0:03:07]} Nxd5
{[%clk 0:03:03]} 6. Bd2 {[%clk 0:03:07]} O-O {[%clk 0:03:01]} 7. e4
{[%clk 0:03:08]} Nxc3 {[%clk 0:03:01]} 8. Bxc3 {[%clk 0:03:09]} c5
{[%clk 0:02:52]} 9. d5 {[%clk 0:03:10]} Bxc3+ {[%clk 0:02:51]} 10. bxc3
{[%clk 0:03:11]} Qa5 {[%clk 0:02:50]} 11. Qd2 {[%clk 0:03:11]} Na6
{[%clk 0:02:15]} 12. Be2 {[%clk 0:03:08]} Bg4 {[%clk 0:02:12]} 13. O-O
{[%clk 0:03:00]} Bxf3 {[%clk 0:02:12]} 14. Bxf3 {[%clk 0:03:01]} c4
{[%clk 0:02:11]} 15. Rfb1 {[%clk 0:02:36]} Rab8 {[%clk 0:02:11]} 16. a4
{[%clk 0:02:29]} Nc5 {[%clk 0:02:06]} 17. Rb5 {[%clk 0:02:07]} Qc7
{[%clk 0:01:56]} 18. Qe3 {[%clk 0:01:47]} Nb3 {[%clk 0:01:54]} 19. Rd1
{[%clk 0:01:25]} a6 {[%clk 0:01:47]} 20. Rb6 {[%clk 0:01:06]} Nc5
{[%clk 0:01:33]} 21. Rb4 {[%clk 0:01:07]} b5 {[%clk 0:01:30]} 22. axb5
{[%clk 0:00:54]} axb5 {[%clk 0:01:31]} 23. Rdb1 {[%clk 0:00:42]} Nb3
{[%clk 0:01:24]} 24. Bd1 {[%clk 0:00:39]} Qc5 {[%clk 0:01:12]} 25. Bxb3
{[%clk 0:00:33]} Qxe3 {[%clk 0:01:12]} 26. fxe3 {[%clk 0:00:33]} cxb3
{[%clk 0:01:13]} 27. R1xb3 {[%clk 0:00:34]} Rbc8 {[%clk 0:01:04]} 28. Rxb5
{[%clk 0:00:33]} Rc4 {[%clk 0:01:05]} 29. R5b4 {[%clk 0:00:34]} Rfc8
{[%clk 0:01:00]} 30. Kf2 {[%clk 0:00:28]} Rxc3 {[%clk 0:01:00]} 31. Rxc3
{[%clk 0:00:27]} Rxc3 {[%clk 0:01:01]} 32. Kf3 {[%clk 0:00:28]} Kg7
{[%clk 0:00:56]} 33. e5 {[%clk 0:00:27]} Rc7 {[%clk 0:00:45]} 34. Ke4
{[%clk 0:00:25]} f6 {[%clk 0:00:37]} 35. d6 {[%clk 0:00:18]} Rd7 {[%clk 0:00:34]}
36. Rd4 {[%clk 0:00:12]} fxe5 {[%clk 0:00:34]} 37. Kxe5 {[%clk 0:00:13]} exd6+
{[%clk 0:00:34]} 38. Rxd6 {[%clk 0:00:14]} Re7+ {[%clk 0:00:35]} 39. Re6
{[%clk 0:00:15]} Rd7 {[%clk 0:00:37]} 40. Kf4 {[%clk 0:00:11]} Rd2
{[%clk 0:00:37]} 41. Kf3 {[%clk 0:00:12]} Kf7 {[%clk 0:00:38]} 42. Ra6
{[%clk 0:00:14]} Rd7 {[%clk 0:00:36]} 43. h3 {[%clk 0:00:14]} Rb7
{[%clk 0:00:34]} 44. g3 {[%clk 0:00:13]} h6 {[%clk 0:00:30]} 45. Kf4
{[%clk 0:00:13]} Rb5 {[%clk 0:00:28]} 46. e4 {[%clk 0:00:12]} Rc5
{[%clk 0:00:29]} 47. Ra7+ {[%clk 0:00:10]} Ke6 {[%clk 0:00:28]} 48. Rh7
{[%clk 0:00:08]} h5 {[%clk 0:00:22]} 49. h4 {[%clk 0:00:06]} Ra5 {[%clk 0:00:19]}
50. Rb7 {[%clk 0:00:07]} Kf6 {[%clk 0:00:16]} 51. Rb6+ {[%clk 0:00:08]} Kf7
{[%clk 0:00:17]} 52. Rd6 {[%clk 0:00:09]} Rb5 {[%clk 0:00:17]} 53. Rd5
{[%clk 0:00:07]} Rb4 {[%clk 0:00:17]} 54. Re5 {[%clk 0:00:04]} Rb3
{[%clk 0:00:17]} 55. Rd5 {[%clk 0:00:05]} Rb4 {[%clk 0:00:18]} 56. Re5
{[%clk 0:00:06]} Rb3 {[%clk 0:00:19]} 57. Ra5 {[%clk 0:00:07]} Rb4
{[%clk 0:00:20]} 58. Ra7+ {[%clk 0:00:08]} Ke6 {[%clk 0:00:21]} 59. Kg5
{[%clk 0:00:06]} Rxe4 {[%clk 0:00:18]} 60. Ra6+ {[%clk 0:00:07]} Kf7
{[%clk 0:00:17]} 61. Ra7+ {[%clk 0:00:08]} Kg8 {[%clk 0:00:13]} 62. Kh6
{[%clk 0:00:09]} Rg4 {[%clk 0:00:12]} 63. Rg7+ {[%clk 0:00:10]} Kh8
{[%clk 0:00:07]} 64. Rxg6 {[%clk 0:00:08]} Rxg3 {[%clk 0:00:07]} 65. Rb6
{[%clk 0:00:05]} Rg8 {[%clk 0:00:08]} 66. Kxh5 {[%clk 0:00:05]} Rc8
{[%clk 0:00:09]} 67. Kh6 {[%clk 0:00:06]} Rd8 {[%clk 0:00:10]} 68. h5
{[%clk 0:00:06]} Rc8 {[%clk 0:00:11]} 1/2-1/2